00878nam a2200217 a 450000100100000000500170001000800410002704000250006808200130009310000390010624501190014526000340026430000210029849000330031950000730035270000280042570000370045383000420049095201110053299900170064300004271020201002040335.0140205s1972 sp 000 0 spa d aDO-SdBNPbspacBNPHU axxxbxxx1 aKeaton, Buster,d1895-1966.97001910aBuster contra la infección sentimental /ctraducción, selección y montaje: Jos Oliver y José Luis Guarner. aBarcelona :bAnagrama,c1972. a119 p. ;c18 cm.1 aCuadernos Anagramaacinev32 aIncluye referencias bilbiográficas y notas al pie de las páginas12aOliver, Josetr.97002012aGuarner, José Luisetr.970021 0aCuadernos Anagrama ;pcinen32970022 001050718MOaGRbGRcCTd2014-02-05iLF1l0oxxx xxxp42710-10r2020-06-25w2020-06-25y1ZNo se presta c42199d42199